Państwa Afryki - Quiz na mapie - Statystyki

Ogólne statystyki
  • Ten quiz został rozwiązany 47 296 razy
  • Średni wynik to 30 z 54
Odpowiedzi na mapie
Odpowiedzi zakodowano w zielono-czerwonej skali na mapie do tego quizu, zgodnie z poniższymi procentami.
 
Statystyki odpowiedzi
Odpowiedź % Poprawnych
Algieria
87%
Egipt
86%
Maroko
84%
Tunezja
78%
Libia
76%
Madagaskar
74%
Republika Południowej
Afryki
73%
Sudan
71%
Czad
70%
Demokratyczna
Republika Konga
69%
Somalia
68%
Etiopia
66%
Sudan Południowy
66%
Republika
Środkowoafrykańska
62%
Erytrea
61%
Lesotho
61%
Niger
61%
Angola
60%
Kenia
59%
Dżibuti
58%
Nigeria
57%
Tanzania
55%
Eswatini
54%
Mozambik
54%
Wyspy Świętego
Tomasza i Książęca
53%
Kongo
52%
Mali
52%
Botswana
51%
Mauretania
51%
Namibia
51%
Senegal
51%
Uganda
50%
Wybrzeże Kości
Słoniowej
50%
Kamerun
49%
Togo
49%
Wyspy Zielonego
Przylądka
49%
Gwinea Równikowa
48%
Rwanda
48%
Malawi
46%
Zimbabwe
46%
Zambia
45%
Burkina Faso
44%
Burundi
44%
Seszele
44%
Mauritius
43%
Benin
42%
Gabon
42%
Gambia
42%
Ghana
42%
Komory
42%
Liberia
41%
Gwinea Bissau
40%
Sierra Leone
40%
Gwinea
38%
Nie znaleziono quizów pasujących do podanych kryteriów
Rozkład punktacji
Procent ludzi z każdym wynikiem
Percentyl według liczby udzielonych odpowiedzi
Twoja historia wyników
Nie rozwiązałeś tego quizu